Chemistry

Na minha lista:
Detalhes bibliográficos
Autor principal: Olmsted III, John
Formato: Livro
Idioma:Undetermined
Publicado em: New Jersey John Wiley and Sons, Gregory M. Williams 2006
Assuntos:
Tags: Adicionar Tag
Sem tags, seja o primeiro a adicionar uma tag!
Thư viện lưu trữ: Trung tâm Học liệu Trường Đại học Cần Thơ
LEADER 00496nam a2200193Ia 4500
001 CTU_87631
008 210402s9999 xx 000 0 und d
020 |c 130.90 
082 |a 540 
082 |b O.51 
100 |a Olmsted III, John 
245 0 |a Chemistry 
245 0 |c John Olmsted III 
260 |a New Jersey 
260 |b John Wiley and Sons, Gregory M. Williams 
260 |c 2006 
650 |a Chemisstry 
904 |i Trúc 
980 |a Trung tâm Học liệu Trường Đại học Cần Thơ